000 00558nam a2200217Ia 4500
003 OSt
005 20221007083250.0
006 a|||||r|||| 00| 0
007 ta
008 221006b |||||||| |||| 00| 0 eng d
024 _a38,454
037 _cTheseses
040 _aFLL
_cFLL
_beng
041 _2eng
_aeng
100 _aMalik P.S.
_9700551
245 0 _aMatrimonial violence
_b myths and realities of legal redressal mechanism
260 _c2010
300 _axvii,405p
_ccm.
942 _cDIS
_2CC
999 _c1169451
_d1169451